000 00445nam a2200169Ia 4500
008 230711s9999||||xx |||||||||||||| ||und||
020 _a978-81-8247-4747-1
041 _aENG
082 _a692.5
_bHA-E
100 _aHarbhajan Singh
245 0 _aEstimating costing and building economics for architects
250 _a1st . Ed.
260 _c2013
_aChandigarh
_bAbhishek Publications
300 _a80p.
650 _aArchitecture
942 _cBK
999 _c5863
_d5863